La tuberculosis de la base del pulmón (Record no. 128682)

MARC details
000 -LEADER
campo de control de longitud fija 00677nam a2200193 i 4500
001 - NÚMERO DE CONTROL
campo de control 128682
003 - IDENTIFICADOR DE NÚMERO DE CONTROL
campo de control ES-MaACL
005 - FECHA Y HORA DE LA ÚLTIMA TRANSACCIÓN
campo de control 20230906193336.0
007 - CAMPO FIJO DE DESCRIPCIÓN FÍSICA--INFORMACIÓN GENERAL
campo de control de longitud fija t|
008 - DATOS DE LONGITUD FIJA--INFORMACIÓN GENERAL
campo de control de longitud fija 070523s1948 po ||||1| por d
080 ## - NÚMERO DE LA CLASIFICACIÓN DECIMAL UNIVERSAL
Número de la Clasificación Decimal Universal 616.24-002.5
100 1# - ENTRADA PRINCIPAL--NOMBRE DE PERSONA
Nombre de persona Tapia, Manuel.
9 (RLIN) 109229
245 13 - MENCIÓN DEL TÍTULO
Título La tuberculosis de la base del pulmón
Resto del título : (Patogenia) /
Mención de responsabilidad, etc. Manuel Tapia, Miguel Pedro Iglesias de Oliveira y Mario Geraldes Barba.
260 ## - PUBLICACIÓN, DISTRIBUCIÓN, ETC.
Lugar de publicación, distribución, etc. Lisboa :
Nombre del editor, distribuidor, etc. Livraria Luso-Espanhola,
Fecha de publicación, distribución, etc. 1948.
300 ## - DESCRIPCIÓN FÍSICA
Extensión 238 p., 1 h. con 6 lám. :
Otras características físicas il. ;
Dimensiones 24 cm.
700 1# - ENTRADA AGREGADA--NOMBRE PERSONAL
Nombre de persona Geraldes Barba, Mario.
9 (RLIN) 56397
700 1# - ENTRADA AGREGADA--NOMBRE PERSONAL
Nombre de persona Iglesias de Oliveira, Miguel Pedro.
9 (RLIN) 65105
852 ## - LOCALIZACIÓN
Ubicación ES-MaACL
Número de control de estantería D-6843
Sublocalización o colección R.28826
Holdings
Estatus retirado Estado de pérdida Estado de daño No para préstamo Biblioteca de origen Biblioteca actual Ubicación en estantería Fecha de adquisición Fuente de adquisición Total de préstamos Signatura topográfica completa Código de barras Visto por última vez Precio de reemplazo Tipo de ítem Koha
        Biblioteca del Ateneo de Madrid Biblioteca del Ateneo de Madrid Sala Valle Inclán 17/01/2008     D-6843 901134014 23/02/2023 23/02/2023 Libro impreso